Statistics for Cities with a Japanese Consulate (with map)

Click here to take the quiz!

General Stats

  • This quiz has been taken 86 times
  • The average score is 52 of 86

Answers on the Map

Answers color-coded by a green-red scale on the quiz's map according to % correct below.
 

Answer Stats

CountryConsulate% Correct
United StatesNew York
91%
CanadaToronto
89%
SpainBarcelona
88%
United StatesMiami
88%
BrazilRio de Janeiro
88%
GermanyHamburg
86%
ItalyMilan
86%
United StatesSan Francisco
86%
TurkeyIstanbul
84%
AustraliaMelbourne
84%
BrazilSão Paulo
84%
United Arab EmiratesDubai
82%
United StatesLos Angeles
82%
CanadaMontreal
82%
United StatesSeattle
82%
AustraliaSydney
82%
New ZealandAuckland
80%
FranceLyon
80%
GermanyMunich
80%
ChinaShanghai
80%
CanadaVancouver
80%
GermanyFrankfurt
79%
ChinaHong Kong
79%
United StatesHouston
79%
FranceMarseille
79%
RussiaSaint Petersburg
79%
VietnamHo Chi Minh City
77%
IndiaMumbai
77%
United StatesBoston
75%
South KoreaBusan
75%
United StatesChicago
75%
United KingdomEdinburgh
75%
AustraliaPerth
75%
United StatesAtlanta
71%
AustraliaBrisbane
71%
South AfricaCape Town
71%
United StatesDenver
71%
IndiaKolkata
71%
ChinaGuangzhou
70%
PakistanKarachi
68%
SwitzerlandGeneva
66%
IndiaChennai
64%
Saudi ArabiaJeddah
64%
New ZealandChristchurch
63%
GermanyDüsseldorf
63%
United StatesHonolulu
63%
IndiaBangalore
61%
RussiaVladivostok
61%
CanadaCalgary
59%
BrazilRecife
57%
IndonesiaSurabaya
57%
BrazilManaus
55%
PhilippinesCebu
54%
United StatesPortland
54%
ChinaChongqing
52%
IndonesiaDenpasar
52%
United StatesDetroit
52%
BrazilPorto Alegre
50%
BoliviaSanta Cruz de la Sierra
48%
ThailandChiang Mai
46%
ChinaShenyang
46%
United StatesAnchorage
45%
IraqErbil
45%
VietnamDa Nang
43%
TaiwanKaohsiung
43%
FranceStrasbourg
43%
MalaysiaGeorge Town
41%
BrazilBelém
39%
AustraliaCairns
39%
PhilippinesDavao
39%
South KoreaJeju
39%
ChinaQingdao
39%
BrazilCuritiba
38%
ChinaDalian
36%
IndonesiaMedan
36%
IndonesiaMakassar
29%
CambodiaSiem Reap
29%
SpainLas Palmas
27%
RussiaKhabarovsk
23%
MexicoLeón
23%
United StatesNashville
23%
United StatesHagatna, Guam
21%
United StatesSaipan
20%
RussiaYuzhno-Sakhalinsk
16%
MalaysiaKota Kinabalu
14%
ParaguayEncarnación
11%

Score Distribution

Percentile by Number Answered

Percent of People with Each Score

Your Score History

You have not taken this quiz